Sor Patrocinio / (Record no. 186862)
[ view plain ]
| 000 -LEADER | |
|---|---|
| campo de control de longitud fija | 00679nam a2200205 i 4500 |
| 001 - NÚMERO DE CONTROL | |
| campo de control | 186862 |
| 003 - IDENTIFICADOR DE NÚMERO DE CONTROL | |
| campo de control | ES-MaACL |
| 005 - FECHA Y HORA DE LA ÚLTIMA TRANSACCIÓN | |
| campo de control | 20250927132003.0 |
| 008 - DATOS DE LONGITUD FIJA--INFORMACIÓN GENERAL | |
| campo de control de longitud fija | 170223s1929 sp |||| | spa d |
| 100 1# - ENTRADA PRINCIPAL--NOMBRE DE PERSONA | |
| Nombre de persona | Jarnés, Benjamín, |
| Fechas asociadas al nombre | 1888-1949 |
| 9 (RLIN) | 154398 |
| 245 10 - MENCIÓN DEL TÍTULO | |
| Título | Sor Patrocinio / |
| Mención de responsabilidad, etc. | por Bernjamín Jarnés. |
| 250 ## - MENCION DE EDICION | |
| Mención de edición | 1ª ed. |
| 260 ## - PUBLICACIÓN, DISTRIBUCIÓN, ETC. | |
| Lugar de publicación, distribución, etc. | Madrid : |
| Nombre del editor, distribuidor, etc. | Espasa-Calpe, |
| Fecha de publicación, distribución, etc. | 1929. |
| 300 ## - DESCRIPCIÓN FÍSICA | |
| Extensión | 291 p. ; |
| Dimensiones | 19 cm. |
| 490 1# - MENCIÓN DE SERIE | |
| Mención de serie | Vidas españolas del siglo XIX ; |
| Designación de volumen o secuencia | 2 |
| 600 04 - PUNTO DE ACCESO ADICIONAL DE MATERIA--NOMBRE DE PERSONA | |
| Nombre de persona | Patrocinio, |
| Títulos y otros términos asociados al nombre | Sor |
| 9 (RLIN) | 89594 |
| 830 0# - PUNTO DE ACCESO ADICIONAL DE SERIE-TÍTULO UNIFORME | |
| Título uniforme | Vidas españolas del siglo XIX ; |
| Designación de volumen o secuencia | 2 |
| 9 (RLIN) | 192637 |
| 852 ## - LOCALIZACIÓN | |
| Ubicación | ES-MaACL |
| Número de control de estantería | C-23215 |
| Nota libre | .- Sello de "Donativo Amigos del Ateneo, 1929" |
| Estatus retirado | Estado de pérdida | Estado de daño | No para préstamo | Biblioteca de origen | Biblioteca actual | Ubicación en estantería | Fecha de adquisición | Fuente de adquisición | Total de préstamos | Signatura topográfica completa | Código de barras | Visto por última vez | Precio de reemplazo | Tipo de ítem Koha |
|---|---|---|---|---|---|---|---|---|---|---|---|---|---|---|
| Biblioteca del Ateneo de Madrid | Biblioteca del Ateneo de Madrid | Depósito 2 | 23/02/2017 | C-23215 | 1197102 | 23/02/2023 | 23/02/2023 | Libro impreso |
